000 00522nam a2200181Ia 4500
005 20250508151938.0
008 008 250505s9999 xx 000 0 eng d
037 _aTextual
040 _aFEDL
_beng
_cFEDL
041 _aeng
_2eng
084 _a371.73, NAS
_qFEDL
100 _aNash Jay B
_992747
245 0 _aPhysical education: Interpretations and objectives
260 _aNew York, USA
_bA S Barnes and Company
_c1948
300 _a288p.
942 _cTEXL
_h371.73, NAS
999 _c1333138
_d1333138